Customers For Life (Record no. 85583)

MARC details
000 -LEADER
fixed length control field 00581nam a2200193Ia 4500
008 - FIXED-LENGTH DATA ELEMENTS--GENERAL INFORMATION
fixed length control field 230125s9999 xx 000 0 und d
020 ## - INTERNATIONAL STANDARD BOOK NUMBER
International Standard Book Number 0-38 5-50445-4
041 ## - LANGUAGE CODE
Language code of text/sound track or separate title eng
082 ## - DEWEY DECIMAL CLASSIFICATION NUMBER
Classification number 658.8342
Item number SEW/BRO
100 ## - MAIN ENTRY--PERSONAL NAME
Personal name Sewell C
9 (RLIN) 108842
245 ## - TITLE STATEMENT
Title Customers For Life
Remainder of title How To Turn That One Time Buyer into a Lifetime Customer
260 ## - PUBLICATION, DISTRIBUTION, ETC. (IMPRINT)
Date of publication, distribution, etc. 1990
Name of publisher, distributor, etc. currency Books
Place of publication, distribution, etc. New York
300 ## - PHYSICAL DESCRIPTION
Extent 210p
500 ## - GENERAL NOTE
Keywords Advertising,Consumer behaviour
500 ## - GENERAL NOTE
Keywords Customer relationship
650 ## - SUBJECT ADDED ENTRY--TOPICAL TERM
Topical term or geographic name as entry element Marketing Management
700 ## - ADDED ENTRY--PERSONAL NAME
Personal name Sewell C & Brown P B
9 (RLIN) 108843
Holdings
Withdrawn status Lost status Damaged status Not for loan Home library Current library Date acquired Vendor Cost, normal purchase price Total Checkouts Full call number Barcode Date last seen Cost, replacement price Bill Date Koha item type Original Barcode Bill number
        Smt. Hiraben Nanavati Institute of Management & Research for Women Smt. Hiraben Nanavati Institute of Management & Research for Women 17/07/1999 Popular Book House 499.50   658.8342 SEW/BRO B01643 HIMR-BK-1643 25/01/2023 499.50 17/07/1999 Books B01643  
        Smt. Hiraben Nanavati Institute of Management & Research for Women Smt. Hiraben Nanavati Institute of Management & Research for Women 24/03/2005 Crossword 470.00   658.8342 SEW/BRO B04434 HIMR-BK-4434 25/01/2023 400.00 24/03/2005 Books B04434 50138/23.3.2005